Pohľad na triedenie odpadu zo strany občanov a samosprávy na Slovensku

Dotazníkový prieskum o separovaní odpadu občanmi slovenských miest a obcí a prieskum o nakladaní s komunálnym odpadom zo strany samospráv.

Na minha lista:
Detalhes bibliográficos
Autor principal: Stričík, Michal, 1969-
Formato: Capítulo de Livro
Idioma:eslovaco
Assuntos:
Tags: Adicionar Tag
Sem tags, seja o primeiro a adicionar uma tag!

MARC

LEADER 00000naa a2200000 4500
001 0194321
005 20240502073244.0
041 0 |a slo 
044 |a SK 
245 1 0 |a Pohľad na triedenie odpadu zo strany občanov a samosprávy na Slovensku  |c Michal Stričík 
520 |a Dotazníkový prieskum o separovaní odpadu občanmi slovenských miest a obcí a prieskum o nakladaní s komunálnym odpadom zo strany samospráv. 
610 2 0 |a odpad komunálny 
610 2 0 |a zber separovaný 
610 2 0 |a poplatky 
610 2 0 |a obyvateľstvo 
610 2 0 |a samospráva 
610 2 0 |a Slovensko 
100 1 |a Stričík, Michal, 1969-